De Nochebuena a Reyes (Record no. 113531)

MARC details
000 -LEADER
campo de control de longitud fija 00471nam a2200169 4500
001 - NÚMERO DE CONTROL
campo de control 113531
003 - IDENTIFICADOR DE NÚMERO DE CONTROL
campo de control ES-MaACL
005 - FECHA Y HORA DE LA ÚLTIMA TRANSACCIÓN
campo de control 20250901063403.0
007 - CAMPO FIJO DE DESCRIPCIÓN FÍSICA--INFORMACIÓN GENERAL
campo de control de longitud fija t|
008 - DATOS DE LONGITUD FIJA--INFORMACIÓN GENERAL
campo de control de longitud fija 061121s1964 sp r ||||1| spa d
245 00 - MENCIÓN DEL TÍTULO
Título De Nochebuena a Reyes
Resto del título : cuentos.
260 ## - PUBLICACIÓN, DISTRIBUCIÓN, ETC.
Lugar de publicación, distribución, etc. Astorga :
Nombre del editor, distribuidor, etc. Radio Popular de Astorga,
Fecha de publicación, distribución, etc. 1964.
300 ## - DESCRIPCIÓN FÍSICA
Extensión 56 p., 1 lám. ;
Dimensiones 18 cm.
710 2# - ENTRADA AGREGADA--NOMBRE DE ENTIDAD CORPORATIVA
Nombre de entidad corporativa o nombre de jurisdicción como elemento de entrada Radio Popular (Astorga)
9 (RLIN) 6283
852 ## - LOCALIZACIÓN
Ubicación ES-MaACL
Número de control de estantería C-31183
Sublocalización o colección R.55441
Holdings
Estatus retirado Estado de pérdida Estado de daño No para préstamo Biblioteca de origen Biblioteca actual Ubicación en estantería Fecha de adquisición Fuente de adquisición Total de préstamos Signatura topográfica completa Código de barras Visto por última vez Precio de reemplazo Tipo de ítem Koha
        Biblioteca del Ateneo de Madrid Biblioteca del Ateneo de Madrid Depósito 2 17/01/2008     C-31183 1118408 23/02/2023 23/02/2023 Libro impreso